000
00301nam a2200109Ia 4500
008
230907s9999||||xx |||||||||||||| ||und||
082
_a
621.402,OCH
100
_a
Ochkov, Valery.
_9
115144
245
0
_a
Thermal engineering studies with excel, mathcad and Internet/
300
_a
xv,307p.:
942
_c
BK
999
_c
597713
_d
597713